ធនធានមនុស្សពីសាកលវិទ្យាល័យភូមិន្ទកសិកម្ម(១៩៦៥-១៩៩៧). (Record no. 22054)

000 -LEADER
fixed length control field 00420nam a22001217a 4500
040 ## - CATALOGING SOURCE
Transcribing agency RUA
082 ## - DEWEY DECIMAL CLASSIFICATION NUMBER
Classification number RUA CHH 1998 C220 Or.
100 ## - MAIN ENTRY--AUTHOR NAME
Personal name ច័ន្ទ សារុន.
245 ## - TITLE STATEMENT
Title ធនធានមនុស្សពីសាកលវិទ្យាល័យភូមិន្ទកសិកម្ម(១៩៦៥-១៩៩៧).
260 ## - PUBLICATION, DISTRIBUTION, ETC. (IMPRINT)
Place of publication phnom penh
Name of publisher rua
Year of publication 1998
300 ## - PHYSICAL DESCRIPTION
Number of Pages 190p.
Other physical details ill.
Dimensions 29cm.
942 ## - ADDED ENTRY ELEMENTS (KOHA)
Koha item type ឯកសារស្រាវជ្រាវ
952 ## - LOCATION AND ITEM INFORMATION (KOHA)
Withdrawn status [LOCAL, KOHA] 0
Holdings
Permanent Location Date acquired Koha item type Lost status Shelving location Barcode Current Location Full call number
Library Block C2023-10-24ឯកសារស្រាវជ្រាវ C220a72899Library Block CRUA CHH 1998 C220 Or.
មជ្ឈមណ្ឌលឯការនៃសាកលវិទ្យាល័យភូមិន្ទកសិកម្មចំការដូង

Powered by Koha